000 00311nam a22001217a 4500
008 181024b xxu||||| |||| 00| 0 eng d
041 _aeng
080 _a338
100 _a52
101 _aMAN
245 _aAngina Pectorin Mnagement Strategies An Guide To Interventions
_cGraboys.TH.B
942 _2udc
_cBK
999 _c50824
_d50824